| 000 | 00540nam a2200205 a 4500 | ||
|---|---|---|---|
| 001 | BRCA_2013 | ||
| 005 | 20190320203633.0 | ||
| 008 | 170608s1913----gw-a######---#000-0#ger-# | ||
| 041 | _ager | ||
| 044 | _agw | ||
| 050 | 4 |
_aPT2642 H58 _b.S38 _c1913 |
|
| 100 | 1 |
_aThoma, Ludwig. _d1867-1921. _96159 |
|
| 245 | 1 | 0 |
_aDas Sauglingsheim _bburleske in einem Aufzuge. _cvon Ludwig Thoma. |
| 260 |
_aMĂșnich _bA. Langen _c1913 |
||
| 300 |
_a49 p. _c18 cm. |
||
| 500 | _aI10 | ||
| 650 | 1 | 4 |
_aLiteratura Alemana _96160 |
| 902 | _aGFM | ||
| 942 |
_2lcc _cB |
||
| 999 |
_c1779 _d1779 |
||